| 000 | 00752nam a2200217Ia 4500 | ||
|---|---|---|---|
| 001 | 3368 | ||
| 003 | GE_BSU | ||
| 008 | 181216s||||||||xx |||||||||||||| ||und|| | ||
| 040 | _cGE_BSU | ||
| 080 | _a621(035)+55.03 | ||
| 100 | _aАнурьев,В.И. Калашников,Ф.Ф. Масленников,И.М. Бутузов,А.В. | ||
| 245 | _aСправочник корструктора-машиностроителя. Том II. | ||
| 245 | _cРед. тех. Е.Д.Гракова. | ||
| 260 | _aМ. | ||
| 260 | _bМеталлургиздата. | ||
| 260 | _c1960. | ||
| 300 | _a478 стр. с илл. 26 см. | ||
| 300 | _eТабл. | ||
| 653 | _aСправочник корструктора-машиностроителя. | ||
| 942 | _cBK | ||
| 999 |
_c37409 _d37409 |
||